| 000 | 00916cam a2200169ua 4500 | ||
|---|---|---|---|
| 020 | _c5.00 | ||
| 041 |
_aeng _h |
||
| 082 |
_a699.8 _bIND/GL |
||
| 110 | 1 |
_aIndian standards institution . _bISI _c() |
|
| 245 | 0 | 0 | _aGlossary of terms applicable to acoustics in buildings |
| 260 |
_aNew Delhi : _bIndian standards institution , _c1981. |
||
| 300 | _a9 ; . | ||
| 365 | _a5.00 | ||
| 504 | _a | ||
| 942 | _cBK | ||
| 999 |
_c10634 _d10634 |
||